000 00825nam a22002177a 4500
005 20240530110541.0
008 160508s2014 su g b 000 0 ara d
017 _a1434/7485
_bالسعودية . مكتبة الملك فهد الوطنية
020 _a9786038120965
040 _aEG-CaGPL
082 0 4 _221
_a370.15\
_bو ع
100 0 _aوليد احمد المصرى
245 1 0 _aعلم النفس التربوى :
_bبين النظرية و التطبيق /
_cوليد احمد المصرى
250 _aط1
260 _aالرياض :
_bدار الزهراء ،
_c2014 .
300 _a503 ص ؛
_c24 سم .
504 _aيشتمل على ارجاعات ببليوجرافية و فهرس
650 0 4 _aعلم النفس التربوى
942 _2ddc
_cBK
999 _c62249
_d62249